| 000 | 00432cam a2200181 4500 | ||
|---|---|---|---|
| 001 | D8333 | ||
| 008 | 090401t1977 xxu||||| |||| 00| 0 eng d | ||
| 035 | _a(Sirsi) u12357 | ||
| 041 | _aeng | ||
| 050 | _a331.255 | ||
| 100 | _aRossi, Hugh | ||
| 245 | _aShaw`s guide to the Rent (Agriculture) Act 1976 | ||
| 260 |
_aLondon _bShaw & Sons _c1977 |
||
| 300 | _axx. 268p. 22cm | ||
| 350 | _a4.85 | ||
| 942 | _n0 | ||
| 948 | _c04/03/1997 | ||
| 999 |
_c86984 _d86984 |
||